WWE - Vainqueur Royal Rumble - Statistiques

Statistiques générales
  • Ce quiz a été pris 7 290 fois
    637 depuis la dernière actualisation
  • Le résultat moyen est 36 sur 49
Statistiques - réponses
Années Catcheurs / Catcheuses % Correct
2008 John Cena
95%
2013 John Cena
95%
2015 Roman Reigns
94%
2026 (Hommes) Roman Reigns
94%
2009 Randy Orton
89%
2017 Randy Orton
89%
2002 Triple H
89%
2016 Triple H
89%
2007 The Undertaker
87%
2006 Rey Mystério
86%
2023 (Hommes) Cody Rhodes
85%
2024 (Hommes) Cody Rhodes
85%
2003 Brock Lesnar
82%
2022 (Hommes) Brock Lesnar
82%
2005 Batista
81%
2014 Batista
81%
1997 Steve Austin
81%
1998 Steve Austin
81%
2001 Steve Austin
81%
1990 Hulk Hogan
80%
1991 Hulk Hogan
80%
2025 (Hommes) Jey Uso
80%
2010 Edge
79%
2021 (Hommes) Edge
79%
2026 (Femmes) Liv Morgan
79%
2019 (Hommes) Seth Rollins
79%
2020 (Femmes) Charlotte Flair
77%
2025 (Femmes) Charlotte Flair
77%
2019 (Femmes) Becky Lynch
75%
2000 The Rock
75%
1995 Shawn Michaels
74%
1996 Shawn Michaels
74%
2018 (Femmes) Asuka
70%
2020 (Hommes) Drew McIntyre
69%
2023 (Femmes) Rhea Ripley
69%
2018 (Hommes) Shinsuke Nakamura
65%
2021 (Femmes) Bianca Belair
64%
1994 (co-vainqueur) Bret Hart
60%
2012 Sheamus
59%
2011 Alberto Del Rio
58%
1992 Ric Flair
56%
2024 (Femmes) Bayley
54%
1999 Vince McMahon
53%
2004 Chris Benoit
52%
2022 (Femmes) Ronda Rousey
46%
1993 Yokozuna
42%
1994 (co-vainqueur) Lex Luger
35%
1988 Jim Duggan
33%
1989 Big John Studd
25%
Aucun quiz correspondant
Distribution des résultats
% des personnes avec chaque résultat
Percentile par nombre de réponses
Votre historique - résultats
Vous n’avez pas pris ce quiz depuis la dernière actualisation